| 000 | 00769nam a22002057a 4500 | ||
|---|---|---|---|
| 005 | 20130717151934.0 | ||
| 008 | 111004t 2010enkabdo b 001 0 eng d | ||
| 020 | _a9780199298235 | ||
| 041 | _aeng | ||
| 082 | 0 | 4 |
_a333.9557 _bS19i |
| 100 | 1 |
_aSamways, Michael John _9588 |
|
| 245 | 1 | 0 |
_aInsect conservation _ba handbook of approaches and methods _cMichael J. Samways, Melodie A. McGeoch and Tim R. New |
| 260 |
_aOxford, U.K. : _bOxford University Press _cc2010. |
||
| 300 |
_axv, 441 p. _bilustraciones, cuadros, diagramas, fotos y mapas _c24 cm. |
||
| 504 | _aIncluye referencias bibliográficas (p. [375]-404) e índice. | ||
| 650 | 1 | 4 |
_aInsectos _xConservación _9589 |
| 700 | 1 |
_aMcGeoch, Melodie A. _9590 |
|
| 700 | 1 |
_aNew, Timothy R. _9591 |
|
| 942 |
_2ddc _cIMPRESO |
||
| 999 |
_c7391 _d7391 |
||